[Event "7th Parsvnath International Open Chess T"]
[Site "Modern School, Barakhamba Road"]
[Date "2009.01.16"]
[Round "7.50"]
[White "Shreyans, K  Shah"]
[Black "Ramakrishna, J."]
[Result "0-1"]
[WhiteElo "2100"]
[BlackElo "2298"]
[PlyCount "94"]
[EventDate "2009.01.11"]

1. e4 c5 2. c3 Nf6 3. e5 Nd5 4. d4 cxd4 5. cxd4 e6 6. Nf3 d6 7. Bc4 Nc6 8. O-O
Be7 9. exd6 Qxd6 10. Re1 O-O 11. Nc3 Nxc3 12. bxc3 b6 13. Ng5 Bb7 14. Qh5 Bxg5
15. Bxg5 Ne7 16. Bd3 Ng6 17. Re3 f5 18. Rae1 Qd5 19. Bf1 Rae8 20. Rh3 Kf7 21.
Rg3 Kg8 22. Rh3 Kf7 23. Rg3 Qxa2 24. Bb5 Qd5 25. Bxe8+ Rxe8 26. Bf4 Kg8 27. Be5
b5 28. h4 a5 29. Qg5 Qd7 30. Bxg7 Qxg7 31. h5 Kf7 32. hxg6+ hxg6 33. Qf4 Re7
34. Qb8 Qf8 35. Qe5 Bd5 36. Rh3 Qg7 37. Qb8 Rb7 38. Qd8 a4 39. Qd6 g5 40. Re5
Re7 41. Rxd5 exd5 42. Qxd5+ Kf6 43. Qd6+ Kf7 44. Qd5+ Kf6 45. Qxb5 g4 46. Rh5
Qg6 47. Rh8 Qg7 0-1

[Event "7th Parsvnath International Open Chess T"]
[Site "New Delhi India"]
[Date "2009.01.17"]
[Round "8"]
[White "Abhijit, Kunte"]
[Black "P, Karthikeyan"]
[Result "1/2-1/2"]
[WhiteElo "2527"]
[BlackElo "2450"]
[PlyCount "37"]
[EventDate "2009.01.11"]
[Source "MonRoi"]

1. d4 Nf6 2. c4 e6 3. Nc3 Bb4 4. e3 O-O 5. Nge2 d5 6. a3 Be7 7. cxd5 exd5 8. g3
c6 9. Bg2 a5 10. O-O Na6 11. f3 Nc7 12. Bd2 Re8 13. Be1 b5 14. Nf4 Ba6 15. Nce2
b4 16. axb4 axb4 17. Bf2 Qb8 18. Nd3 Ne6 19. Re1 1/2-1/2

[Event "7th Parsvnath International Open Chess T"]
[Site "New Delhi India"]
[Date "2009.01.17"]
[Round "8"]
[White "Mikhail, Ulibin"]
[Black "Bandyopadhyay, Roktim"]
[Result "1-0"]
[WhiteElo "2511"]
[BlackElo "2372"]
[PlyCount "55"]
[EventDate "2009.01.11"]
[Source "MonRoi"]

1. d4 Nf6 2. c4 g6 3. Nc3 Bg7 4. e4 d6 5. Be2 O-O 6. Nf3 e5 7. O-O Nbd7 8. Be3
Re8 9. d5 Nh5 10. g3 Bf8 11. Ne1 Ng7 12. Qd2 f5 13. f3 Be7 14. Nd3 Nf6 15. c5
fxe4 16. fxe4 Bh3 17. cxd6 cxd6 18. Rfc1 Ng4 19. Bxg4 Bxg4 20. Nb5 Rf8 21. Nxa7
h5 22. Nb5 h4 23. Nf2 Bd7 24. Nc3 hxg3 25. hxg3 Nh5 26. Kg2 Rf6 27. Rh1 Qf8 28.
Qc2 1-0

[Event "7th Parsvnath International Open Chess T"]
[Site "New Delhi India"]
[Date "2009.01.17"]
[Round "8"]
[White "Kutwal, Shashikant"]
[Black "Dibyendu, Barua"]
[Result "1/2-1/2"]
[WhiteElo "2285"]
[BlackElo "2490"]
[PlyCount "90"]
[EventDate "2009.01.11"]
[Source "MonRoi"]

1. e4 e6 2. d4 d5 3. Nc3 Nf6 4. Bg5 Be7 5. e5 Nfd7 6. Bxe7 Qxe7 7. f4 a6 8. Nf3
c5 9. dxc5 Nxc5 10. Bd3 Nc6 11. O-O g6 12. Qd2 Bd7 13. a3 O-O 14. Rae1 f5 15.
exf6 Qxf6 16. Ne5 Nxe5 17. Rxe5 Bc6 18. Qe3 d4 19. Qxd4 Nd7 20. Ne4 Qg7 21. Qd6
Nxe5 22. fxe5 Rxf1+ 23. Kxf1 Bxe4 24. Qxe6+ Qf7+ 25. Qxf7+ Kxf7 26. Bxe4 Rb8
27. Bd5+ Ke7 28. c4 b5 29. b3 bxc4 30. Bxc4 a5 31. a4 Rf8+ 32. Ke2 Rf5 33. e6
Kd6 34. Ke3 g5 35. h3 h6 36. Ke2 h5 37. Ke3 Rf6 38. Ke2 g4 39. hxg4 hxg4 40.
Ke3 g3 41. Ke2 Rf2+ 42. Ke3 Rxg2 43. Kf3 Rg1 44. Kg4 Ke7 45. Kf3 Kf6 1/2-1/2

[Event "7th Parsvnath International Open Chess T"]
[Site "New Delhi India"]
[Date "2009.01.17"]
[Round "8"]
[White "R R, Laxman"]
[Black "S P, Sethuraman"]
[Result "1/2-1/2"]
[WhiteElo "2478"]
[BlackElo "2415"]
[PlyCount "48"]
[EventDate "2009.01.11"]
[Source "MonRoi"]

1. Nf3 Nf6 2. d4 e6 3. g3 b5 4. Qd3 a6 5. Bg2 d5 6. c3 Bb7 7. a4 c5 8. O-O Nbd7
9. Bg5 Qb6 10. Nbd2 Bd6 11. Bxf6 c4 12. Qc2 Nxf6 13. axb5 axb5 14. Rxa8+ Bxa8
15. e4 dxe4 16. Ng5 O-O 17. Ndxe4 Bxe4 18. Nxe4 Nd5 19. Ng5 g6 20. h4 b4 21.
cxb4 Qxd4 22. Rd1 Qb6 23. Ne4 Bxb4 24. Qxc4 Be7 1/2-1/2

[Event "7th Parsvnath International Open Chess T"]
[Site "New Delhi India"]
[Date "2009.01.17"]
[Round "8"]
[White "Prasanna, Vishnu"]
[Black "Alexander, Areshchenko"]
[Result "1/2-1/2"]
[WhiteElo "2266"]
[BlackElo "2673"]
[PlyCount "57"]
[EventDate "2009.01.11"]
[Source "MonRoi"]

1. e4 c5 2. Nf3 e6 3. d4 cxd4 4. Nxd4 a6 5. Nc3 Qc7 6. Be2 Nc6 7. O-O b5 8.
Nxc6 dxc6 9. Kh1 e5 10. a4 b4 11. Nb1 Nf6 12. Nd2 Bc5 13. Bd3 a5 14. Qe2 Be6
15. Bc4 Qe7 16. Nb3 Bb6 17. Bxe6 Qxe6 18. Be3 Bxe3 19. Qxe3 O-O 20. f3 Rfc8 21.
Nc5 Qc4 22. b3 Qxc2 23. Rf2 Qc3 24. Qxc3 bxc3 25. Rc1 Rd8 26. Kg1 Rab8 27. Rxc3
Kf8 28. Rfc2 Rb6 29. Kf2 1/2-1/2

[Event "7th Parsvnath International Open Chess T"]
[Site "New Delhi India"]
[Date "2009.01.17"]
[Round "8"]
[White "Jha, Sriram"]
[Black "Yuriy, Kuzubov"]
[Result "1/2-1/2"]
[WhiteElo "2442"]
[BlackElo "2626"]
[PlyCount "29"]
[EventDate "2009.01.11"]
[Source "MonRoi"]

1. d4 Nf6 2. c4 e6 3. Nf3 Bb4+ 4. Bd2 Qe7 5. g3 Nc6 6. Nc3 Bxc3 7. Bxc3 Ne4 8.
Rc1 O-O 9. Bg2 d6 10. d5 Nxc3 11. Rxc3 Nb8 12. dxe6 fxe6 13. O-O Nc6 14. Nd4
Bd7 15. Qd2 1/2-1/2

[Event "7th Parsvnath International Open Chess T"]
[Site "New Delhi India"]
[Date "2009.01.17"]
[Round "8"]
[White "Parimarjan, Negi"]
[Black "K, Rathnakaran"]
[Result "1/2-1/2"]
[WhiteElo "2600"]
[BlackElo "2431"]
[PlyCount "43"]
[EventDate "2009.01.11"]
[Source "MonRoi"]

1. e4 e6 2. d4 d5 3. Nd2 Nf6 4. e5 Nfd7 5. f4 c5 6. c3 Nc6 7. Ndf3 Qb6 8. a3 a5
9. b3 f6 10. Bd3 cxd4 11. cxd4 g5 12. Ne2 g4 13. Nh4 Be7 14. g3 fxe5 15. fxe5
Bxh4 16. gxh4 Ndxe5 17. dxe5 Nxe5 18. Nc3 Nf3+ 19. Ke2 Nd4+ 20. Ke1 Nf3+ 21.
Ke2 Nd4+ 22. Ke1 1/2-1/2

[Event "7th Parsvnath International Open Chess T"]
[Site "New Delhi India"]
[Date "2009.01.17"]
[Round "8"]
[White "Yuri, Solodovnichenko"]
[Black "M  S, Thejkumar"]
[Result "0-1"]
[WhiteElo "2571"]
[BlackElo "2424"]
[PlyCount "81"]
[EventDate "2009.01.11"]
[Source "MonRoi"]

1. e4 c6 2. d4 d5 3. e5 Bf5 4. Nf3 e6 5. Be2 Nd7 6. O-O h6 7. Nbd2 Ne7 8. Nb3
Bh7 9. Bd2 Qc7 10. Rc1 g5 11. h3 Ng6 12. a4 Be7 13. a5 a6 14. c4 Qd8 15. Nh2 f6
16. cxd5 cxd5 17. exf6 Bxf6 18. Re1 O-O 19. Bg4 e5 20. Be6+ Kh8 21. Bxd5 exd4
22. Bb4 Re8 23. Rxe8+ Qxe8 24. Nxd4 Nf4 25. Bc4 Ne5 26. Nhf3 Ned3 27. Bc3 Nxc1
28. Qxc1 Qe7 29. h4 Rc8 30. b3 Qg7 31. g3 Be4 32. hxg5 hxg5 33. gxf4 gxf4+ 34.
Kf1 Bxf3 35. Nxf3 Bxc3 36. Ng5 Rxc4 37. bxc4 Qd4 38. Qc2 Qxc4+ 39. Kg1 Kg8 40.
Ne4 f3 41. Kh1 0-1

[Event "7th Parsvnath International Open Chess T"]
[Site "New Delhi India"]
[Date "2009.01.17"]
[Round "8"]
[White "Saidali, Iuldachev"]
[Black "Kore, Akshayraj"]
[Result "1/2-1/2"]
[WhiteElo "2520"]
[BlackElo "2403"]
[PlyCount "106"]
[EventDate "2009.01.11"]
[Source "MonRoi"]

1. e4 e5 2. Nf3 Nc6 3. Bb5 a6 4. Bxc6 dxc6 5. O-O f6 6. d4 exd4 7. Nxd4 c5 8.
Nb3 Qxd1 9. Rxd1 Bd7 10. Bf4 O-O-O 11. Nc3 Be6 12. Rxd8+ Kxd8 13. Nd5 Bxd5 14.
exd5 Bd6 15. Bxd6 cxd6 16. Na5 Ne7 17. Nxb7+ Kc7 18. Na5 Nxd5 19. Re1 Kd7 20.
Nc4 Nc7 21. Kf1 Rb8 22. b3 g6 23. Re3 d5 24. Nb2 Kd6 25. Rf3 Rf8 26. Rf4 h5 27.
Ra4 g5 28. c4 Rb8 29. h4 Rb6 30. g3 d4 31. Nd3 Ne6 32. hxg5 fxg5 33. f4 gxf4
34. gxf4 Nd8 35. b4 Nb7 36. a3 a5 37. Nxc5 Nxc5 38. Rxa5 Nb3 39. c5+ Kc6 40.
cxb6 Nxa5 41. bxa5 h4 42. f5 h3 43. f6 h2 44. Kg2 d3 45. f7 d2 46. f8=Q h1=Q+
47. Kxh1 d1=Q+ 48. Kg2 Qd2+ 49. Kf3 Qxa5 50. Ke4 Qe1+ 51. Kd3 Qd1+ 52. Kc3 Qc1+
53. Kb3 Qb1+ 1/2-1/2

[Event "7th Parsvnath International Open Chess T"]
[Site "New Delhi India"]
[Date "2009.01.17"]
[Round "8"]
[White "Vinay S, Bhat"]
[Black "G B, Prakash"]
[Result "0-1"]
[WhiteElo "2495"]
[BlackElo "2397"]
[PlyCount "102"]
[EventDate "2009.01.11"]
[Source "MonRoi"]

1. d4 e6 2. c4 f5 3. g3 Nf6 4. Bg2 d5 5. Nh3 c6 6. O-O Bd6 7. Bf4 Be7 8. Nc3
O-O 9. Rc1 Nh5 10. Bd2 Nf6 11. Bf4 h6 12. f3 g5 13. Be3 Nbd7 14. Bf2 Rb8 15. e4
dxe4 16. fxe4 Ng4 17. Qe2 e5 18. dxe5 Ndxe5 19. Bxa7 Ra8 20. Rcd1 Qa5 21. Bd4
Bc5 22. Kh1 Bxd4 23. Rxd4 Qc5 24. Rfd1 Be6 25. exf5 Bxc4 26. Qd2 Rxf5 27. Ne4
Qf8 28. Nd6 Nf2+ 29. Nxf2 Rxf2 30. Qe3 Re2 31. Qc3 Qf2 32. Rg1 Rc2 33. Ne4 Rxc3
34. Nxf2 Rc2 35. Nd1 Be2 36. Re4 Nd3 37. Re3 Rd8 38. Be4 Rd4 39. Nc3 Nf2+ 40.
Kg2 Nxe4 41. Rxe2 Rdd2 42. Rxd2 Rxd2+ 43. Kf3 Nf6 44. Rd1 Rxb2 45. h4 Rc2 46.
Ne4 Nxe4 47. Kxe4 gxh4 48. gxh4 Rxa2 49. Rd8+ Kf7 50. Rd7+ Ke6 51. Rxb7 Ra4+
0-1

[Event "7th Parsvnath International Open Chess T"]
[Site "New Delhi India"]
[Date "2009.01.17"]
[Round "8"]
[White "Das, Neelotpal"]
[Black "Atanu, Lahiri"]
[Result "1-0"]
[WhiteElo "2490"]
[BlackElo "2310"]
[PlyCount "56"]
[EventDate "2009.01.11"]
[Source "MonRoi"]

1. Nf3 Nf6 2. d4 g6 3. Bg5 Bg7 4. Nbd2 O-O 5. e4 d5 6. Bd3 dxe4 7. Nxe4 Nxe4 8.
Bxe4 Nd7 9. c3 c5 10. O-O cxd4 11. Nxd4 Nc5 12. Bf3 h6 13. Be3 Bd7 14. Qd2 Kh7
15. Nb3 Na4 16. Bxb7 Rb8 17. Be4 Qc7 18. f4 Bb5 19. Rfd1 f5 20. Bd5 e6 21. Bf3
e5 22. fxe5 Bxe5 23. h3 Rf7 24. Nd4 Bd7 25. Rab1 Bg3 26. Bf2 Re7 27. Bxg3 Qxg3
28. Ne2 Qc7 1-0

[Event "7th Parsvnath International Open Chess T"]
[Site "New Delhi India"]
[Date "2009.01.17"]
[Round "8"]
[White "Sunil Mokal, Prathamesh"]
[Black "Babu M R, Lalith"]
[Result "1-0"]
[WhiteElo "2389"]
[BlackElo "2477"]
[PlyCount "51"]
[EventDate "2009.01.11"]
[Source "MonRoi"]

1. e4 c6 2. d4 d5 3. exd5 cxd5 4. c4 Nf6 5. Nc3 e6 6. Nf3 Be7 7. cxd5 Nxd5 8.
Bd3 O-O 9. O-O Nc6 10. Re1 Bf6 11. Be4 Nce7 12. Ne5 Nf5 13. Ng4 Bh4 14. g3 Nxc3
15. bxc3 Be7 16. Qc2 h5 17. Ne5 Nd6 18. Bh7+ Kh8 19. Bd3 Bg5 20. Ba3 Kg8 21.
Qe2 g6 22. Nxg6 fxg6 23. Bxg6 Kg7 24. Bc2 Kh6 25. Bd1 Kg7 26. Qe5+ 1-0

[Event "7th Parsvnath International Open Chess T"]
[Site "New Delhi India"]
[Date "2009.01.17"]
[Round "8"]
[White "Justin, Sarkar"]
[Black "Joydeep, Dutta"]
[Result "0-1"]
[WhiteElo "2455"]
[BlackElo "2300"]
[PlyCount "24"]
[EventDate "2009.01.11"]
[Source "MonRoi"]

1. d4 d6 2. Nf3 Nf6 3. c4 Nbd7 4. Nc3 e5 5. e4 Be7 6. Be2 O-O 7. O-O c6 8. Qc2
Re8 9. Rd1 Qc7 10. Rb1 Bf8 11. b4 exd4 12. Nxd4 g6 0-1

[Event "7th Parsvnath International Open Chess T"]
[Site "New Delhi India"]
[Date "2009.01.17"]
[Round "8"]
[White "Saha, Suvrajit"]
[Black "Chowdhury Saptarshi, Roy"]
[Result "1/2-1/2"]
[WhiteElo "2368"]
[BlackElo "2444"]
[PlyCount "23"]
[EventDate "2009.01.11"]
[Source "MonRoi"]

1. d4 d5 2. c4 e6 3. Nc3 Nf6 4. Bg5 Be7 5. Nf3 O-O 6. e3 h6 7. Bxf6 Bxf6 8. Qc2
c6 9. cxd5 exd5 10. Bd3 a5 11. h3 Nd7 12. O-O 1/2-1/2

[Event "7th Parsvnath International Open Chess T"]
[Site "New Delhi India"]
[Date "2009.01.17"]
[Round "8"]
[White "Anuar, Ismagambetov"]
[Black "Shah, Sagar"]
[Result "1-0"]
[WhiteElo "2523"]
[BlackElo "2283"]
[PlyCount "145"]
[EventDate "2009.01.11"]
[Source "MonRoi"]

1. e4 c5 2. Nf3 Nc6 3. d4 cxd4 4. Nxd4 g6 5. c4 Nf6 6. Nc3 d6 7. Be2 Nxd4 8.
Qxd4 Bg7 9. Bg5 O-O 10. Qd2 Be6 11. Rc1 Qa5 12. O-O Rfc8 13. b3 a6 14. f4 Rc5
15. Qe3 Re8 16. Bh4 Rcc8 17. Kh1 b5 18. f5 Bd7 19. Qf3 bxc4 20. Bxc4 Bb5 21.
Bxf6 Bxf6 22. Nd5 Bxc4 23. bxc4 Qxa2 24. fxg6 hxg6 25. Nxf6+ exf6 26. Qxf6 Rf8
27. Rf4 Rxc4 28. Rg1 Rc5 29. Rh4 Rh5 30. Rxh5 gxh5 31. Qg5+ Kh7 32. Qxh5+ Kg7
33. Qg5+ Kh7 34. Qh4+ Kg7 35. Qg3+ Kh7 36. Qxd6 Rg8 37. Qf4 Rg6 38. Qf3 a5 39.
Rf1 Kg7 40. h4 Qe6 41. Qc3+ Kg8 42. Rb1 Qf6 43. Qxf6 Rxf6 44. Rb8+ Kg7 45. Ra8
Rf4 46. g3 Rxe4 47. Rxa5 Re2 48. Rf5 Kg6 49. Rf4 Rb2 50. Kg1 Ra2 51. Rf2 Ra3
52. Kg2 Rb3 53. Rf3 Rb4 54. Kh3 Ra4 55. g4 f6 56. Kg3 Rb4 57. Ra3 Rc4 58. h5+
Kg5 59. Ra5+ Kh6 60. Ra7 Rc1 61. Kg2 Rc2+ 62. Kf3 Rc3+ 63. Kf4 Rc2 64. Rf7 Rf2+
65. Ke4 Rf1 66. Ke3 Kg5 67. Rg7+ Kh4 68. h6 Kg3 69. h7 Rh1 70. Ke4 Rh6 71. Kf5
Kf3 72. Ke6 Kf4 73. Kf7 1-0

[Event "7th Parsvnath International Open Chess T"]
[Site "New Delhi India"]
[Date "2009.01.17"]
[Round "8"]
[White "Evgeny, Gleizerov"]
[Black "Farhan, Mohannad"]
[Result "1-0"]
[WhiteElo "2544"]
[BlackElo "2279"]
[PlyCount "64"]
[EventDate "2009.01.11"]
[Source "MonRoi"]

1. d4 d5 2. c4 c6 3. Nf3 Nf6 4. Nc3 a6 5. Ne5 Nbd7 6. Bf4 Nh5 7. Be3 Nhf6 8.
Bg5 Nxe5 9. dxe5 d4 10. exf6 exf6 11. Bd2 dxc3 12. Bxc3 Qxd1+ 13. Rxd1 Be6 14.
e3 b5 15. b3 Be7 16. Bd3 O-O 17. Kd2 Rfd8 18. Kc2 Rab8 19. f3 f5 20. h3 bxc4
21. Bxc4 Bc5 22. Bxa6 Bxe3 23. Rxd8+ Rxd8 24. a4 g5 25. Bc4 h5 26. a5 Kh7 27.
Rd1 Rxd1 28. Kxd1 Bxc4 29. bxc4 g4 30. Ke2 Ba7 31. Be5 Kg6 32. Kf1 h4 1-0

[Event "7th Parsvnath International Open Chess T"]
[Site "New Delhi India"]
[Date "2009.01.17"]
[Round "8"]
[White "B S, Shivananda"]
[Black "Shukhrat, Safin"]
[Result "1/2-1/2"]
[WhiteElo "2347"]
[BlackElo "2518"]
[PlyCount "125"]
[EventDate "2009.01.11"]
[Source "MonRoi"]

1. e4 e5 2. Nf3 Nc6 3. Bb5 a6 4. Ba4 Nf6 5. O-O Be7 6. Re1 b5 7. Bb3 d6 8. c3
O-O 9. d4 Bg4 10. d5 Na5 11. Bc2 c6 12. h3 Bxf3 13. Qxf3 cxd5 14. exd5 Nc4 15.
Nd2 Nb6 16. Nf1 Ne8 17. Ng3 g6 18. a4 f5 19. Qe2 Nc7 20. Rd1 Kh8 21. Nf1 Bg5
22. f4 Bxf4 23. Bxf4 exf4 24. Qf2 Nc4 25. b3 Ne5 26. Qxf4 Ne8 27. axb5 axb5 28.
Nd2 Nf6 29. Qd4 Nfd7 30. Bd3 Rb8 31. Be2 Rb7 32. b4 Qg5 33. Ra5 Rfb8 34. Rda1
Nf6 35. Ra6 Rd8 36. Nf3 Qg3 37. Ra8 Rxa8 38. Rxa8+ Kg7 39. Nxe5 dxe5 40. Qc5
Rf7 41. d6 Ne4 42. d7 Nxc5 43. d8=Q Qe3+ 44. Kh2 Qf4+ 45. Kg1 Qe3+ 46. Kh2 Ne6
47. Qg8+ Kf6 48. Bxb5 Qf4+ 49. Kh1 Qc1+ 50. Kh2 Qxc3 51. Ra6 Qxb4 52. Be8 Re7
53. Rxe6+ Rxe6 54. Qf7+ Kg5 55. Qxe6 Qf4+ 56. Kh1 Kh4 57. Qe7+ g5 58. Qxh7+ Kg3
59. Qa7 g4 60. Qa3+ Kh4 61. Qe7+ Kg3 62. Qa3+ Kh4 63. Qe7+ 1/2-1/2

[Event "7th Parsvnath International Open Chess T"]
[Site "New Delhi India"]
[Date "2009.01.17"]
[Round "8"]
[White "N Sudhakar, Babu"]
[Black "Ponnuswamy, Konguvel"]
[Result "1/2-1/2"]
[WhiteElo "2333"]
[BlackElo "2462"]
[PlyCount "53"]
[EventDate "2009.01.11"]
[Source "MonRoi"]

1. d4 Nf6 2. c4 g6 3. Nc3 d5 4. cxd5 Nxd5 5. e4 Nxc3 6. bxc3 Bg7 7. Nf3 c5 8.
Rb1 O-O 9. Be2 Nc6 10. d5 Ne5 11. Nxe5 Bxe5 12. Qc2 Qd6 13. g3 f5 14. f4 Bg7
15. e5 Qxd5 16. O-O Rb8 17. Be3 b6 18. Rfd1 Qf7 19. Qa4 Rb7 20. Bxc5 Rc7 21.
Bc4 Be6 22. Bxe6 Qxe6 23. Bd4 Rd8 24. Qb3 Kf7 25. Qxe6+ Kxe6 26. a4 Rd5 27. Rb5
1/2-1/2

[Event "7th Parsvnath International Open Chess T"]
[Site "New Delhi India"]
[Date "2009.01.17"]
[Round "8"]
[White "R, Ashwath"]
[Black "Praveen M, Thipsay"]
[Result "0-1"]
[WhiteElo "2312"]
[BlackElo "2453"]
[PlyCount "110"]
[EventDate "2009.01.11"]
[Source "MonRoi"]

1. d4 Nf6 2. c4 g6 3. Nc3 Bg7 4. e4 d6 5. Nf3 O-O 6. Be2 Na6 7. O-O e5 8. d5
Nc5 9. Qc2 a5 10. Bg5 h6 11. Be3 b6 12. Nd2 Bg4 13. Rae1 Bxe2 14. Rxe2 Ng4 15.
Bxc5 bxc5 16. Nd1 h5 17. Ne3 Nh6 18. g3 f5 19. exf5 gxf5 20. f4 e4 21. Kh1 Qf6
22. h3 Rab8 23. b3 a4 24. Rg1 axb3 25. axb3 Qc3 26. Qxc3 Bxc3 27. g4 hxg4 28.
hxg4 Bxd2 29. Rxd2 fxg4 30. Nxg4 Nxg4 31. Rxg4+ Kf7 32. Re2 Rxb3 33. Rxe4 Ra8
34. Re2 Rc3 35. f5 Ra4 36. Rge4 Rcxc4 37. Re7+ Kf6 38. Rxc7 Re4 39. Rb2 Rh4+
40. Kg2 Rag4+ 41. Kf3 Kxf5 42. Rb6 Rh3+ 43. Kf2 Ke5 44. Rcc6 Rh6 45. Kf3 Rf4+
46. Ke3 Re4+ 47. Kf3 Rf6+ 48. Kg3 Kxd5 49. Rc8 Re7 50. Rg8 c4 51. Rg5+ Re5 52.
Rb5+ Kd4 53. Rg4+ Kd3 54. Rb1 d5 55. Rd1+ Ke2 0-1

[Event "7th Parsvnath International Open Chess T"]
[Site "Modern School, Barakhamba Road"]
[Date "2009.01.17"]
[Round "8.21"]
[White "Vidit, Santosh Gujrathi"]
[Black "Vul, Arkadi Eremeevich"]
[Result "1/2-1/2"]
[WhiteElo "2447"]
[BlackElo "2344"]
[PlyCount "48"]
[EventDate "2009.01.11"]

1. d4 d5 2. Nf3 Nf6 3. c4 e6 4. g3 Be7 5. Bg2 O-O 6. O-O b6 7. cxd5 exd5 8. Nc3
Bb7 9. Bf4 Na6 10. Rc1 c5 11. dxc5 bxc5 12. Qb3 Qb6 13. Qxb6 axb6 14. Nh4 g6
15. Rfd1 Rfd8 16. Bg5 Nc7 17. Rc2 Ne6 18. Bxf6 Bxf6 19. e3 Ra7 20. Nxd5 Bxd5
21. Bxd5 Rxa2 22. Bxa2 Rxd1+ 23. Kg2 Ra1 24. Bc4 Rb1 1/2-1/2

[Event "7th Parsvnath International Open Chess T"]
[Site "Modern School, Barakhamba Road"]
[Date "2009.01.17"]
[Round "8.22"]
[White "Shetty, Rahul"]
[Black "Sengupta, Deep"]
[Result "0-1"]
[WhiteElo "2311"]
[BlackElo "2445"]
[PlyCount "88"]
[EventDate "2009.01.11"]

1. e4 e6 2. d4 d5 3. Nc3 Bb4 4. e5 c5 5. a3 Bxc3+ 6. bxc3 Qc7 7. Nf3 b6 8. Bb5+
Bd7 9. Bd3 Ba4 10. Rb1 c4 11. Bf1 Nc6 12. h4 h6 13. h5 O-O-O 14. g3 f5 15. Nh4
Nge7 16. Bg2 Rdg8 17. Bf4 Qb7 18. Qd2 Qa6 19. Bf3 Qa5 20. Kf1 Nd8 21. Kg2 Be8
22. Ra1 Bf7 23. Rhb1 Bxh5 24. Bxh5 g5 25. Kh2 gxf4 26. gxf4 Rg7 27. Rg1 Rhg8
28. Rg3 Kd7 29. Rh3 Nec6 30. Qc1 b5 31. Qb2 a6 32. Rg3 Nxd4 33. Qb4 Qxb4 34.
axb4 Rxg3 35. fxg3 Nxc2 36. Rxa6 Nc6 37. Nf3 Rc8 38. Ra2 Ne3 39. Kh3 d4 40.
Nxd4 Nxd4 41. cxd4 c3 42. Ra1 c2 43. Rc1 Rc4 44. Be2 Rxb4 0-1

[Event "7th Parsvnath International Open Chess T"]
[Site "Modern School, Barakhamba Road"]
[Date "2009.01.17"]
[Round "8.23"]
[White "Ramakrishna, J."]
[Black "Murshed, Niaz"]
[Result "0-1"]
[WhiteElo "2298"]
[BlackElo "2429"]
[PlyCount "57"]
[EventDate "2009.01.11"]

1. e4 c5 2. Nf3 Nc6 3. d3 g6 4. g3 Bg7 5. Bg2 d6 6. O-O e5 7. c3 Nge7 8. a3 O-O
9. b4 b6 10. Nbd2 h6 11. Bb2 Be6 12. b5 Na5 13. c4 Nb7 14. a4 a5 15. bxa6 Rxa6
16. Nb1 Nc6 17. Nc3 Nd4 18. Nd5 Qd7 19. Nh4 Bxd5 20. cxd5 Rfa8 21. Bxd4 cxd4
22. f4 Bf6 23. fxe5 Bxe5 24. Qf3 Nc5 25. Bh3 Qe7 26. Ra2 Rxa4 27. Raf2 Ra1 28.
Kg2 Kg7 29. Qg4 0-1

[Event "7th Parsvnath International Open Chess T"]
[Site "Modern School, Barakhamba Road"]
[Date "2009.01.17"]
[Round "8.25"]
[White "Matta, Vinay Kumar"]
[Black "Ibrayev, Nurlan"]
[Result "0-1"]
[WhiteElo "2246"]
[BlackElo "2407"]
[PlyCount "54"]
[EventDate "2009.01.11"]

1. e4 c5 2. Nf3 d6 3. d4 cxd4 4. Nxd4 Nf6 5. Nc3 a6 6. Be3 e6 7. f3 b5 8. Qd2
Bb7 9. g4 Nfd7 10. O-O-O Nb6 11. Bd3 N8d7 12. Qf2 Rc8 13. Kb1 Rxc3 14. bxc3 Qc7
15. Ne2 Na4 16. Bd2 Be7 17. g5 O-O 18. f4 Ndc5 19. Ng3 d5 20. e5 Ne4 21. Bxe4
dxe4 22. Qe2 Qc5 23. Ka1 Qa3 24. Bc1 Qxc3+ 25. Kb1 Qb4+ 26. Ka1 Nc3 27. Bd2 Qa3
0-1

[Event "7th Parsvnath International Open Chess T"]
[Site "Modern School, Barakhamba Road"]
[Date "2009.01.17"]
[Round "8.26"]
[White "Khamzin, Olzhas"]
[Black "Arindam, Mukherjee"]
[Result "0-1"]
[WhiteElo "2401"]
[BlackElo "2259"]
[PlyCount "70"]
[EventDate "2009.01.11"]

1. d4 d5 2. c4 Nc6 3. Nf3 Bg4 4. cxd5 Bxf3 5. gxf3 Qxd5 6. e3 e5 7. Nc3 Bb4 8.
Bd2 Bxc3 9. bxc3 Qd6 10. Rb1 Rb8 11. f4 exf4 12. e4 Nge7 13. Qf3 Ng6 14. h4 h5
15. Rb5 Qa3 16. Be2 Qxa2 17. Rxh5 Rxh5 18. Qxh5 Qb1+ 19. Bd1 Qxe4+ 20. Qe2
Qxe2+ 21. Kxe2 Nce7 22. Bb3 Nf5 23. h5 Nge7 24. Bxf4 Rc8 25. Kd3 Kf8 26. Bd1 c5
27. Bg4 cxd4 28. c4 Rc6 29. Ra1 a6 30. Rb1 b6 31. Bf3 Re6 32. Ra1 a5 33. Rb1
Nc6 34. Bg4 Nb4+ 35. Kd2 Re4 0-1

[Event "7th Parsvnath International Open Chess T"]
[Site "Modern School, Barakhamba Road"]
[Date "2009.01.17"]
[Round "8.27"]
[White "Narayanan, Srinath"]
[Black "Tiwari, Arjun"]
[Result "0-1"]
[WhiteElo "2397"]
[BlackElo "2256"]
[PlyCount "126"]
[EventDate "2009.01.11"]

1. e4 d5 2. exd5 Qxd5 3. Nc3 Qa5 4. d4 Nf6 5. Nf3 Bf5 6. Bc4 Ne4 7. Bd2 Nxd2 8.
Qxd2 e6 9. d5 Nd7 10. dxe6 fxe6 11. O-O-O O-O-O 12. Ng5 Bd6 13. Nxe6 Qb4 14.
Nd4 Bxc2 15. Ncb5 Ba4 16. Qxb4 Bxb4 17. Nxa7+ Kb8 18. b3 Kxa7 19. bxa4 Ne5 20.
Bb3 Bc5 21. Ne6 Rxd1+ 22. Kxd1 Bxf2 23. Nxc7 Rf8 24. Ne6 Rf6 25. a5 Nc6 26. Ng5
Be3 27. Ne4 Rf4 28. Bd5 Nb4 29. g3 Rf8 30. Bb3 Re8 31. Nc3 Nd3 32. Kc2 Nb4+ 33.
Kb1 Ka6 34. a3 Nc6 35. Nd5 Re5 36. Rf1 Nd4 37. Bc4+ Kxa5 38. Rf7 Nb5 39. Ka2
Nd6 40. Rxg7 Nxc4 41. Nxe3 Rxe3 42. Rxb7 Re2+ 43. Kb1 Nxa3+ 44. Kc1 Rxh2 45.
Kd1 Nc2 46. Rb3 Nb4 47. Ke1 Kb5 48. Rc3 Nd5 49. Rc8 Ne3 50. Rc3 Nc4 51. Kf1 Kc5
52. Kg1 Re2 53. Rf3 Re3 54. Rf7 Rxg3+ 55. Kh2 Rg5 56. Rxh7 Ne5 57. Kh3 Kd4 58.
Kh4 Nf3+ 59. Kh3 Ke3 60. Re7+ Ne5 61. Re8 Kf2 62. Rf8+ Nf3 63. Rg8 Ng1+ 0-1

[Event "7th Parsvnath International Open Chess T"]
[Site "Modern School, Barakhamba Road"]
[Date "2009.01.17"]
[Round "8.28"]
[White "Upadhayay, R."]
[Black "Sharma, Dinesh K"]
[Result "0-1"]
[WhiteElo "2132"]
[BlackElo "2394"]
[PlyCount "100"]
[EventDate "2009.01.11"]

1. e4 e5 2. Nf3 Nc6 3. Bb5 a6 4. Ba4 Nf6 5. O-O b5 6. Bb3 Bb7 7. Re1 Bc5 8. c3
d6 9. a4 O-O 10. d4 Bb6 11. axb5 axb5 12. Rxa8 Bxa8 13. Na3 Na7 14. d5 h6 15.
c4 bxc4 16. Nxc4 Bc5 17. Qc2 Bb4 18. Rd1 Qb8 19. Ne3 g6 20. h3 h5 21. Nc4 Kg7
22. Bg5 Ng8 23. Ne3 f6 24. Bh4 Bc5 25. g4 hxg4 26. hxg4 Qc8 27. Ra1 Nb5 28. Bc4
Nd4 29. Qd1 Bb7 30. Nd2 Nh6 31. Kg2 Rh8 32. Bg3 f5 33. exf5 gxf5 34. gxf5 Ndxf5
35. Nxf5+ Qxf5 36. Qf3 Qxf3+ 37. Kxf3 Rf8+ 38. Ke2 Nf5 39. Rg1 Kf7 40. Ne4 Bb6
41. Ng5+ Ke7 42. Ne6 Nxg3+ 43. Rxg3 Rxf2+ 44. Ke1 Rxb2 45. Rg7+ Kf6 46. Rd7 e4
47. Nxc7 Bxc7 48. Rxc7 Ke5 49. Rh7 Kd4 50. Ba2 Ba6 0-1